¿Una nueva etapa del Mercado Común Centroamericano? /

El documento presenta un análisis de los temas: los objetivos del procesos de integración, incluyendo el problema del tratamiento preferencial, la política industrial y la agrícola, la distribución de los ingresos aduaneros del mercado común, la armonización de la política, la inversión extranjera,...

Ausführliche Beschreibung

Gespeichert in:
Bibliographische Detailangaben
1. Verfasser: Lizano Fait, Eduardo
Körperschaft: Banco Central de Costa Rica. Departamento de Estudios Económicos
Format: Text
Sprache:Spanish
Veröffentlicht: San José: BCC 1970
Schlagworte:
Tags: Tag hinzufügen
Keine Tags, Fügen Sie den ersten Tag hinzu!

MARC

LEADER 00000 a a2200000 04500
001 22587
003 cru CIDCAS/IIS
005 20230418100859.0
008 210528b1970 |||||||| |||| 00| 0 spa d
020 |a [sin ISBN] 
040 |a CRAI-IIS  |b SPA  |c CRAI-IIS 
090 |a 01.03.03 L789u 
100 |a Lizano Fait, Eduardo  
110 |a Banco Central de Costa Rica. Departamento de Estudios Económicos  
245 |a ¿Una nueva etapa del Mercado Común Centroamericano? /  |c Eduardo Lizano Fait 
260 |a San José:   |b BCC   |c 1970 
300 |a 20 p.  
500 |a Colección Centroamérica 
520 3 |a El documento presenta un análisis de los temas: los objetivos del procesos de integración, incluyendo el problema del tratamiento preferencial, la política industrial y la agrícola, la distribución de los ingresos aduaneros del mercado común, la armonización de la política, la inversión extranjera, la organización institucional, los aspectos monetarios y la ampliación geográfica del mercado común. 
650 0 4 |0 TESAUROS  |9 3250  |a MERCADO 
650 0 0 |9 3651  |a POLÍTICA INDUSTRIAL 
650 0 0 |9 1027  |a POLITICA AGRICOLA 
650 0 0 |9 2683  |a INVERSIONES EXTRANJERAS 
651 0 |9 308  |a CENTROAMERICA 
852 1 1 |a 01.03.03 L789u 
942 |2 ddc  |c LI  |h 01.03.03 L789u  |k 01.03.03   |m L789u  |6 010303_L789U 
999 |c 11670  |d 11670